Adult health nursing: A biopsychosocial approach

Đã lưu trong:
Bibliografiske detaljer
Format: Bog
Sprog:Undetermined
Udgivet: Reading, MA. Addison-Wesley 1986
Fag:
Tags: Tilføj Tag
Ingen Tags, Vær først til at tagge denne postø!
Thư viện lưu trữ: Trung tâm Học liệu Trường Đại học Cần Thơ
LEADER 00428nam a2200157Ia 4500
001 CTU_8225
008 210402s9999 xx 000 0 und d
082 |a 616 
082 |b A244 
245 0 |a Adult health nursing: 
245 2 |b A biopsychosocial approach 
260 |a Reading, MA. 
260 |b Addison-Wesley 
260 |c 1986 
650 |a Holistic medicine,Nursing 
980 |a Trung tâm Học liệu Trường Đại học Cần Thơ